GIS (Record no. 104426)
[ view plain ]
| 000 -LEADER | |
|---|---|
| fixed length control field | 01353cam a2200229 4500 |
| 001 - CONTROL NUMBER | |
| control field | ##L130287 |
| 008 - FIXED-LENGTH DATA ELEMENTS--GENERAL INFORMATION | |
| fixed length control field | 050712n2004 000 0 eng u |
| 020 ## - INTERNATIONAL STANDARD BOOK NUMBER | |
| International Standard Book Number | 0415283752 |
| 035 ## - SYSTEM CONTROL NUMBER | |
| System control number | (Sirsi) u130287 |
| 041 0# - LANGUAGE CODE | |
| Language code of text/sound track or separate title | eng |
| 050 04 - LIBRARY OF CONGRESS CALL NUMBER | |
| Classification number | 526.982 $2 18 |
| 100 1# - MAIN ENTRY--PERSONAL NAME | |
| Personal name | Worboys, Michael F. |
| 245 00 - TITLE STATEMENT | |
| Title | GIS |
| Remainder of title | a computing perspective |
| 250 ## - EDITION STATEMENT | |
| Edition statement | 2nd ed. |
| 260 3# - PUBLICATION, DISTRIBUTION, ETC. | |
| Place of publication, distribution, etc. | Florida |
| Name of publisher, distributor, etc. | CRC Press |
| Date of publication, distribution, etc. | 2004 |
| 300 ## - PHYSICAL DESCRIPTION | |
| Extent | 426p. |
| Dimensions | 26cm. |
| 350 ## - PRICE (NR) (BK AM CF MU VM SE) [OBSOLETE] | |
| Price | 22.99 |
| 520 ## - SUMMARY, ETC. | |
| Summary, etc. | Explores both the conceptual and formal models needed to understand spatial information from a computing perspective. Chapter one gives an introduction to GIS together with supporting material on general computing. Chapters two and three offer background material on general databases and formalisms for spatial concepts. High level models of geospatial information, representations, algorithms and structures and access methods are examined in chapters four, five and six. The types of architectures and interfaces needed for GIS, spatial reassoning, theory and techniques are covered by chapters seven, eight and nine. Concludes with an exploration of temporal and spatiotemporal information systems. Includes a bibliography. |
| 690 ## - LOCAL SUBJECT ADDED ENTRY--TOPICAL TERM (OCLC, RLIN) | |
| Topical term or geographic name as entry element | ENVIRONMENTAL AND LAND CONSULTANCY-GEOMATICS-GEOGRAPHIC INFORMATION SCIENCE-GEOGRAPHIC INFORMATION SYSTEMS |
| 700 10 - ADDED ENTRY--PERSONAL NAME | |
| Personal name | Duckham, Matt |
| 942 ## - ADDED ENTRY ELEMENTS (KOHA) | |
| Suppress in OPAC | 0 |
| Withdrawn status | Lost status | Source of classification or shelving scheme | Damaged status | Not for loan | Home library | Current library | Shelving location | Date acquired | Cost, normal purchase price | Total Checkouts | Full call number | Barcode | Date last seen | Date last checked out | Copy number | Cost, replacement price | Price effective from | Koha item type |
|---|---|---|---|---|---|---|---|---|---|---|---|---|---|---|---|---|---|---|
| Dewey Decimal Classification | London | London | Books | 06/12/2005 | 22.99 | 5 | 526.982 WOR | 30063462 | 06/08/2019 | 07/04/2008 | 1 | 22.99 | 06/08/2019 | Book |